000 01240nam a22002657i 4500
050 1 4 _aBV 629
_bEd41 2008
260 1 _c2008.
003 URS
005 20240412231316.0
008 180116b xxu||||| |||| 00| 0 eng d
100 1 _aEdillor, Jonnel Balmores,
_eauthor
245 1 0 _aThe level of acceptance of the college students of University of Rizal System, Tanay, Rizal on the role of religious groups in political activities /
_cJonnel Balmores Edillor.
300 _axiv, 69 leaves ;
_billustrations (some colour) :
_c28 cm
336 _2rdacontent
_atext
337 _2rdamedia
_aunmediated
338 _2rdacarrier
_avolume
502 _aThesis
_bA.B. Political Science
_cUniversity of Rizal System
_d2008
504 _aIncludes bibliographical references.
520 _aThe study was undertaken to determine the level of acceptance of the students of University of Rizal System on the role of religious groups in political activities.
610 2 0 _aUniversity of Rizal System
_bTanay Campus
_xUndergraduates
650 0 _aReligion and politics
_zPhilippines
700 1 _aParica, Ronnie N.
_edegree supervisor
856 _3Online Request for Student Unpublished Works
_uhttps://forms.gle/7LqvGGkaDrUQqz429
942 _2lcc
_cT
999 _c73198
_d73197